| 000 | 00514nam a22001577a 4500 | ||
|---|---|---|---|
| 005 | 20250228082006.0 | ||
| 008 | 250228b |||||||| |||| 00| 0 eng d | ||
| 040 |
_aKMU _cKMU _dKMU |
||
| 100 | _aChibiya, Isaac Kambinda | ||
| 245 |
_aAssessing Crop Diversification in Mazabuka District of Zambia: A Case of Dumba Agricultural Camp/ _cChibiya, Isaac Kambinda |
||
| 260 |
_aChinsali; _bKMU, _c2020. |
||
| 300 |
_avii, 19p.: _bill; _c29 cm. |
||
| 650 | _aAgroforestry. | ||
| 650 | _aCrop Diversification. | ||
| 942 |
_cPR _n0 |
||
| 999 |
_c1685 _d1685 |
||